| 000 | 00000nam##2200000za#4500 |
| 001 | 9.571620 |
| 003 | CaOODSP |
| 005 | 20211126112844 |
| 007 | cr ||||||||||| |
| 008 | 150406|1994||||xxc|||||o f|0| 0 eng|d |
| 022 | |a1701-9397 |
| 040 | |aCaOODSP|beng |
| 043 | |an-cn--- |
| 086 | 1 |aFB3-2/94-11E-PDF |
| 110 | 2 |aBank of Canada. |
| 245 | 14|aThe causes of unemployment in Canada : |h[electronic resource]|ba review of the evidence / |cby Stephen S. Poloz. |
| 260 | |aOttawa - Ontario : |bBank of Canada |cNovember 1994. |
| 300 | |a35p.|bgraphs |
| 490 | 1 |aBank of Canada working paper|x1701-9397|v94-11 |
| 500 | |aThe ISBN (0-662-22803-0) and ISSN (1192-5434) for the print edition have been incorrectly copied in this electronic publication. |
| 504 | |aBibliography. |
| 546 | |aRésumé en français. |
| 590 | |a11-19-Supp|b2011-09-23 |
| 720 | 1 |aPoloz, Stephen S. |
| 830 | #0|aWorking paper (Bank of Canada)|x1701-9397|v94-11|w(CaOODSP)9.504604 |
| 856 | 40|ahttp://publications.gc.ca|qPDF|s250 KB|uhttps://publications.gc.ca/collections/Collection/FB3-2-94-11E.pdf|y94-11 |